00327nam a2200121Ia 4500008004100000041000800041082001700049100001600066245004500082260003500127300003000162365001300192240624s9999 xx 000 0 und d aeng a658.3008 CUR aCURTIS BILL aPEOPLE CAPABAILITY MATURITY GUIDELINES F c2004aDelhibPearson Education axx, : 587 : p. : cm. ; 24 cRSb31.5